Russia... or Prussia? - Statistics

General Stats
  • This quiz has been taken 890 times
  • The average score is 9 of 10
Answer Stats
Question Answer % Correct
The capital is Moscow Russia
100%
Where the main part of the Soviet Union was located Russia
99%
Colors of flag are black and white Prussia
98%
Used a governmental system of Communism Russia
98%
First to adopt Lutheranism as a religion Prussia
95%
Has/had a population of 140 million or more Russia
92%
Where Saint Petersburg is located Russia
92%
Originated in 1525 with a duchy centered the southeast coast of Baltic Sea Prussia
91%
Peter the Great largely modernized and made it a "European" superpower Russia
90%
Has the motto of "God With Us" Prussia
84%
No matching quizzes found
Score Distribution
Percent of People with Each Score
Percentile by Number Answered
Your Score History
You have not taken this quiz